000 01030nac a22003131i 4500
003 EG-ScBUE
005 20241030100310.0
008 241030r20041997nyu f b 001 0 eng d
020 _a8181281373
020 _a9788181281371
040 _aEG-ScBUE
_beng
_erda
_cEG-ScBUE
_dEG-ScBUE
082 0 4 _a519.2
_bCHO
_222
100 1 _aChow, Yuan Shih,
_eauthor.
245 1 0 _aProbability theory :
_bindependence, interchangeability, martingales /
_cYuan Shih Chow, Henry Teicher.
250 _aThird edition.
250 _aReprint edition.
264 1 _aNew York :
_bSpringer,
_c2004.
300 _axxii, 488 pages ;
_c24 cm.
336 _2rdacontent
_atext
_btxt
337 _aunmediated
_2rdamedia
_bn
338 _avolume
_bnc
_2rdacarrier
490 0 _aSpringer texts in statistics
504 _aIncludes bibliographical references and index.
650 7 _aProbabilities.
_2BUEsh
650 7 _aMartingales (Mathematics)
_2BUEsh
655 _vReading book
700 1 _aTeicher, Henry,
_eauthor.
942 _cBB
_2ddc
999 _c1278
_d1278